Kniha dopisů

Titel: Kniha dopisů / Bruno Schulz ; podle polského originálu Księga listów ... přeložila Hanele Palková
Verfasser:
Beteiligt:
Ausgabe: Vydání první
Veröffentlicht: [Ostrava] : Protimluv, 2021
Umfang: 364 Seiten ; 21 cm
Format: Buch
Sprache: Tschechisch
Schriftenreihe/
mehrbändiges Werk:
Edice překladové literatury ; svazek 36
Einheitssachtitel: Księga listów
Schlagworte:
ISBN: 9788087485941 ; 8087485947
Buchumschlag
X
alg: 52345291
001A    $03004:11-11-24 
001B    $01999:04-12-25 $t22:17:32.000 
001D    $01999:26-11-24 
001U    $0utf8 
001X    $00 
002@    $0Aay 
002C    $aText $btxt $2rdacontent 
002D    $aohne Hilfsmittel zu benutzen $bn $2rdamedia 
002E    $aBand $bnc $2rdacarrier 
003@    $0523452918 
004A    $A978-80-87485-94-1 $f((brožováno)) 
004A    $080-87485-94-7 
006C    $01296108531 $aOCoLC 
007A    $0523452918 $aHEB 
007G    $0DE02084448F87F6AB492EC1258BF700413126 
009P    $qapplication/pdf $A2 $3Inhaltsverzeichnis $uhttp://scans.hebis.de/HEBCGI/show.pl?52345291_toc.pdf $mV:DE-603;B:DE-Mb50 
009P    $qapplication/pdf $A2 $3Cover $uhttp://scans.hebis.de/HEBCGI/show.pl?52345291_cov.pdf $mV:DE-603;B:DE-Mb50 
009P    $qapplication/pdf $A2 $3Register $uhttp://scans.hebis.de/HEBCGI/show.pl?52345291_idx.pdf $mV:DE-603;B:DE-Mb50 
009P    $qapplication/pdf $A2 $3Abstract $uhttp://scans.hebis.de/HEBCGI/show.pl?52345291_sum.pdf $mV:DE-603;B:DE-Mb50 
010@    $acze $cpol 
010E    $erda 
011@    $a2021 $n2021 
013D    $RQuelle $#Korrespondenz Briefsammlung $#Briefwechsel Briefsammlung $#Briefsammlungen $74146609-3 $8Briefsammlung [Ts1] $9085588547 
021A    $aKniha dopisů $hBruno Schulz ; podle polského originálu Księga listów ... přeložila Hanele Palková 
022A    $aKsięga listów 
028A    $BVerfasser $#Schulz, Bruno $#Shults, Bruno $#Šulʹc, Bruno $#Šulc, Bruno $#Šûlṣ, Brûnô $#บรูโน ชูลซ์ $4aut $7118762427 $8Schulz, Bruno$Z1892-1942 [Tp1] $9087103109 
028C    $BÜbersetzer $4trl $7 $8Palková, Hanele [Tnu] $952450878X 
032@    $aVydání první 
033A    $p[Ostrava] $nProtimluv 
034D    $a364 Seiten 
034I    $a21 cm 
036E    $aEdice překladové literatury $lsvazek 36 
037A    $aChronologický přehled 
037A    $aEnthält Literaturangaben, Register 
044A    $akorespondence $2czenas $S#7 $N655 
044A    $acorrespondence $2czenas $S#7 $N655 
044K    $#Schulz, Bruno $#Shults, Bruno $#Šulʹc, Bruno $#Šulc, Bruno $#Šûlṣ, Brûnô $#บรูโน ชูลซ์ $7118762427 $8Schulz, Bruno$Z1892-1942 [Tp1] $9087103109 
045F    $a809 $eDDC23BSB 
045F/01 $a809 
045F/03 $f0904 
045F/03 $g438 

lok: 52345291 24

exp: 52345291 24 1 #EPN
201B/01 $010-12-24 $t18:01:47.000 
201C/01 $011-11-24 
201U/01 $0utf8 
203@/01 $01283118297 
208@/01 $a26-11-24 $bz 
209A/01 $a24.07380 $du $f050 $h24 07380 $x00 
209C/01 $a24.07380 K $h24 07380 K 
209G/01 $a74792383 $x00 
220C/01 $akon 
247C/01 $8358050-7 Marburg, Bibliothek des Herder-Instituts Marburg $9102600961
LEADER 00000cam a22000002c 4500
001 523452918
003 DE-603
005 20251204221732.0
007 tu
008 241111s2021 xx |||| | u00||u|cze c
020 |a 9788087485941  |c ((brožováno)) 
020 |a 8087485947 
035 |a (DE-599)HEB523452918 
040 |a DE-603  |b ger  |c DE-603  |d DE-603  |e rda 
041 |a cze  |h pol 
082 0 4 |8 1\u  |a 809  |q DE-101  |2 23/BSB 
085 |8 1\u  |b 809 
085 |8 1\u  |z 1  |s 0904 
085 |8 1\u  |z 2  |s 438 
100 1 |a Schulz, Bruno  |d 1892-1942  |e Verfasser  |4 aut  |0 (DE-603)087103109  |0 (DE-588)118762427  |2 gnd 
240 1 0 |a Księga listów 
245 0 0 |a Kniha dopisů  |c Bruno Schulz ; podle polského originálu Księga listów ... přeložila Hanele Palková 
250 |a Vydání první 
264 1 |a [Ostrava]  |b Protimluv  |c 2021 
300 |a 364 Seiten  |c 21 cm 
336 |a Text  |b txt  |2 rdacontent 
337 |a ohne Hilfsmittel zu benutzen  |b n  |2 rdamedia 
338 |a Band  |b nc  |2 rdacarrier 
490 0 |a Edice překladové literatury  |v svazek 36 
500 |a Chronologický přehled 
500 |a Enthält Literaturangaben, Register 
600 1 7 |a Schulz, Bruno  |d 1892-1942  |0 (DE-588)118762427  |0 (DE-603)087103109  |2 gnd 
655 7 |a Briefsammlung  |2 gnd-content  |0 (DE-588)4146609-3  |0 (DE-603)085588547 
700 1 |a Palková, Hanele  |e Übersetzer  |4 trl  |0 (DE-603)52450878X 
856 4 2 |m V:DE-603;B:DE-Mb50  |q application/pdf  |u http://scans.hebis.de/HEBCGI/show.pl?52345291_toc.pdf  |3 Inhaltsverzeichnis 
856 4 2 |m V:DE-603;B:DE-Mb50  |q application/pdf  |u http://scans.hebis.de/HEBCGI/show.pl?52345291_cov.pdf  |3 Cover 
856 4 2 |m V:DE-603;B:DE-Mb50  |q application/pdf  |u http://scans.hebis.de/HEBCGI/show.pl?52345291_idx.pdf  |3 Register 
856 4 2 |m V:DE-603;B:DE-Mb50  |q application/pdf  |u http://scans.hebis.de/HEBCGI/show.pl?52345291_sum.pdf  |3 Abstract 
924 0 |9 Mb 50  |a (DE-603)1283118297  |b DE-Mb50  |c HES  |d c  |g 24.07380